000 00450nab a2200145Ia 4500
003 ES-SlBCS
005 20210601125507.0
008 140529s2003 xxu||||| |||| 00| 0 eng d
041 _aeng
100 1 _aOdenstedt, Anders
_9159295
245 0 0 _aGadamer on Context-Dependence
_c Anders Odenstedt
600 0 4 _aGadamer, Hans-Georg
_d, 1900-2002
_93068
773 0 _tReview of Methaphysics
_gvol. 57/1, nº. 225, 2003, págs. 75-104
_wRev843
942 _cAR
999 _c531226
_d531226